000
00200 a2200097 4500
001
26638
100
_a
Zaman, W
245
_a
Towards Pakistan
260
_a
_b
Pub united ltd
_c
090
_c
17931
_d
17931
942
_a
NUST-CAE
_c
M
_c
8815
999
_c
261711
_d
261711